00150nam a22000737a 4500082001500000100001800015245003600033563000700069 a398.2bARS aArshad,Tahira aSnow white and the seven dwarfs aPB